Detalles MARC
| 000 -LEADER |
| fixed length control field |
02782nam a2200577 i 4500 |
| 001 - CONTROL NUMBER |
| control field |
DIGFCE1707 |
| 003 - CONTROL NUMBER IDENTIFIER |
| control field |
NyNyDIG |
| 006 - FIXED-LENGTH DATA ELEMENTS--ADDITIONAL MATERIAL CHARACTERISTICS |
| fixed length control field |
m o d |
| 008 - FIXED-LENGTH DATA ELEMENTS--GENERAL INFORMATION |
| fixed length control field |
210630t20161995mx ob 000 0 spa d |
| 007 - PHYSICAL DESCRIPTION FIXED FIELD--GENERAL INFORMATION |
| fixed length control field |
cr ||||||||||| |
| 035 ## - SYSTEM CONTROL NUMBER |
| System control number |
(OCoLC)1260469899 |
| 040 ## - CATALOGING SOURCE |
| Original cataloging agency |
DGITA |
| Language of cataloging |
eng |
| Description conventions |
rda |
| -- |
pn |
| Transcribing agency |
DGITA |
| 020 ## - INTERNATIONAL STANDARD BOOK NUMBER |
| International Standard Book Number |
9786071640727 |
| Qualifying information |
eBook |
| -- |
ePub |
| -- |
FCE |
| 020 ## - INTERNATIONAL STANDARD BOOK NUMBER |
| International Standard Book Number |
6071640725 |
| Qualifying information |
eBook |
| -- |
ePub |
| -- |
FCE |
| 020 ## - INTERNATIONAL STANDARD BOOK NUMBER |
| International Standard Book Number |
9786076280232 |
| Qualifying information |
eBook |
| -- |
ePub |
| -- |
ColMex |
| 020 ## - INTERNATIONAL STANDARD BOOK NUMBER |
| International Standard Book Number |
6076280239 |
| Qualifying information |
eBook |
| -- |
ePub |
| -- |
ColMex |
| 020 ## - INTERNATIONAL STANDARD BOOK NUMBER |
| Canceled/invalid ISBN |
9789681644529 |
| 020 ## - INTERNATIONAL STANDARD BOOK NUMBER |
| Canceled/invalid ISBN |
9681644522 |
| 043 ## - GEOGRAPHIC AREA CODE |
| Geographic area code |
cl----- |
| 050 14 - LIBRARY OF CONGRESS CALL NUMBER |
| Classification number |
F1414 ebook |
| 082 04 - DEWEY DECIMAL CLASSIFICATION NUMBER |
| Classification number |
980.03 |
| 100 1# - MAIN ENTRY--PERSONAL NAME |
| Personal name |
Cunill, Pedro, |
| Relator term |
author. |
| 245 14 - TITLE STATEMENT |
| Title |
Las transformaciones del espacio geohistórico latinoamericano 1930-1990 / |
| Statement of responsibility, etc. |
Pedro Cunill Grau. |
| 250 ## - EDITION STATEMENT |
| Edition statement |
Primera edición electrónica. |
| 264 #1 - PRODUCTION, PUBLICATION, DISTRIBUTION, MANUFACTURE, AND COPYRIGHT NOTICE |
| Place of production, publication, distribution, manufacture |
México : |
| Name of producer, publisher, distributor, manufacturer |
El Colegio de México, Fideicomiso Historia de las Américas : |
| -- |
Fondo de Cultura Económica, |
| Date of production, publication, distribution, manufacture, or copyright notice |
2016. |
| 264 #4 - PRODUCTION, PUBLICATION, DISTRIBUTION, MANUFACTURE, AND COPYRIGHT NOTICE |
| Date of production, publication, distribution, manufacture, or copyright notice |
©1995 |
| 300 ## - PHYSICAL DESCRIPTION |
| Extent |
1 online resource. |
| 336 ## - CONTENT TYPE |
| Content type term |
text |
| Content type code |
txt |
| Source |
rdacontent |
| 337 ## - MEDIA TYPE |
| Media type term |
computer |
| Media type code |
c |
| Source |
rdamedia |
| 338 ## - CARRIER TYPE |
| Carrier type term |
online resource |
| Carrier type code |
cr |
| Source |
rdacarrier |
| 347 ## - DIGITAL FILE CHARACTERISTICS |
| File type |
text file |
| Source |
rdaft |
| 347 ## - DIGITAL FILE CHARACTERISTICS |
| Encoding format |
EPUB |
| 490 1# - SERIES STATEMENT |
| Series statement |
Sección de obras de historia |
| 490 1# - SERIES STATEMENT |
| Series statement |
Serie Ensayos / Fideicomiso Historia de las Américas |
| 504 ## - BIBLIOGRAPHY, ETC. NOTE |
| Bibliography, etc. note |
Includes bibliographical references. |
| 520 1# - SUMMARY, ETC. |
| Summary, etc. |
"Essay on the major changes in Latin American 'space' between 1930-90 focuses on environmental alterations, geographical catastrophies, the expansion of violence, over-exploitation of energy and mineral resources, ramifications of the law of the seas, agricultural landscapes, and urban centers"--Handbook of Latin American Studies, v. 57. |
| Uniform Resource Identifier |
<a href="https://www.loc.gov/hlas">https://www.loc.gov/hlas</a> |
| 588 0# - SOURCE OF DESCRIPTION NOTE |
| Source of description note |
Online resource; title from ePub title page (Digitalia, viewed June 30 2021) |
| 651 #0 - SUBJECT ADDED ENTRY--GEOGRAPHIC NAME |
| Geographic name |
Latin America |
| General subdivision |
History |
| Chronological subdivision |
20th century. |
| 651 #0 - SUBJECT ADDED ENTRY--GEOGRAPHIC NAME |
| Geographic name |
Latin America |
| General subdivision |
Historical geography. |
| 650 #0 - SUBJECT ADDED ENTRY--TOPICAL TERM |
| Topical term or geographic name entry element |
Land settlement |
| Geographic subdivision |
Latin America |
| General subdivision |
History |
| Chronological subdivision |
20th century. |
| 650 #0 - SUBJECT ADDED ENTRY--TOPICAL TERM |
| Topical term or geographic name entry element |
Nature |
| General subdivision |
Effect of human beings on |
| Geographic subdivision |
Latin America |
| General subdivision |
History |
| Chronological subdivision |
20th century. |
| 655 #0 - INDEX TERM--GENRE/FORM |
| Genre/form data or focus term |
Electronic books. |
| 791 2# - |
| -- |
Digitalia (Firm), |
| -- |
distributor. |
| 793 0# - |
| -- |
Digitalia eBook Collection: |
| -- |
Fondo de Cultura Económica |
| 776 08 - ADDITIONAL PHYSICAL FORM ENTRY |
| Relationship information |
Print version: |
| Main entry heading |
Cunill, Pedro, |
| Title |
Transformaciones del espacio geohistórico latinoamericano, 1930-1990. |
| Edition |
1. ed. |
| Place, publisher, and date of publication |
México : Colegio de México, Fideicomiso Historia de las Américas : Fondo de Cultura Económica, 1995 |
| International Standard Book Number |
9786071640727 |
| Record control number |
(DLC) 96105493 |
| -- |
(OCoLC)34496465 |
| 830 #0 - SERIES ADDED ENTRY--UNIFORM TITLE |
| Uniform title |
Sección de obras de historia. |
| 830 #0 - SERIES ADDED ENTRY--UNIFORM TITLE |
| Uniform title |
Serie Ensayos (Fideicomiso Historia de las Américas) |
| 856 40 - ELECTRONIC LOCATION AND ACCESS |
| Materials specified |
Digitalia Hispánica |
| Uniform Resource Identifier |
<a href="https://www.digitaliapublishing.com/a/64725/">https://www.digitaliapublishing.com/a/64725/</a> |
| 910 ## - USER-OPTION DATA (OCLC) |
| User-option data |
Premium collection: 2021 |
| 942 ## - ADDED ENTRY ELEMENTS (KOHA) |
| Koha item type |
Recurso Electrónico |